Hồ Dzếnh - Một hồn thơ đẹp

שמור ב:
מידע ביבליוגרפי
פורמט: Sách giấy
שפה:Vietnamese
יצא לאור: Hà Nội : Văn hoá Thông tin , 2001
נושאים:
תגים: הוספת תג
אין תגיות, היה/י הראשונ/ה לתייג את הרשומה!
Thư viện lưu trữ: Thư viện Trường Đại học Đà Lạt
LEADER 00669nam a2200277 4500
001 DLU020019673
005 ##1/21/2002
020 # # |a 978- 
041 # # |a vie 
082 # # |a 895.922 1  |b Hod 
245 # # |a Hồ Dzếnh - Một hồn thơ đẹp 
260 # # |a Hà Nội :  |b Văn hoá Thông tin ,  |c 2001 
300 # # |a 508 tr.;   |c 21 cm. 
653 # # |a Chân dung văn học 
653 # # |a Hồ Dzếnh, 1916- 
653 # # |a Nhà thơ Việt Nam 
653 # # |a Phê bình văn học 
992 # # |a 53000 
994 # # |a DLU 
900 # # |a False 
911 # # |a Administrator 
925 # # |a G 
926 # # |a A 
927 # # |a SH 
980 # # |a Thư viện Trường Đại học Đà Lạt